Priemyselná politika v období príprav na vstup do EÚ

Atribúty priemyselnej politiky na začiatku 21. storočia. Priemyselná politika národného ekonomického komplexu - štátu. Kvalita a typ priemyselnej politiky z pohľadu dlhodobej stratégie hospodárskej politiky SR.

Guardado en:
Detalles Bibliográficos
Autor principal: Rosenberg, Miloslav
Formato: Capítulo de libro
Lenguaje:eslovaco
Materias:
Etiquetas: Agregar Etiqueta
Sin Etiquetas, Sea el primero en etiquetar este registro!

MARC

LEADER 00000naa$a2200000$$$4500
001 0007085
005 20231005083220.6
041 0 |a slo 
044 |a SK 
245 1 0 |a Priemyselná politika v období príprav na vstup do EÚ  |c aut. Miloslav Rosenberg 
520 |a Atribúty priemyselnej politiky na začiatku 21. storočia. Priemyselná politika národného ekonomického komplexu - štátu. Kvalita a typ priemyselnej politiky z pohľadu dlhodobej stratégie hospodárskej politiky SR. 
610 2 0 |a politika priemyselná 
610 2 0 |a Európska únia 
610 2 0 |a Slovensko 
610 2 0 |a globalizácia 
610 2 0 |a spoločnosť informačná 
610 2 0 |a stratégia hospodárska 
100 1 |a Rosenberg, Miloslav